000 00884cam a2200229 4500
001 WB3716-09
008 000000n2001 000 0 eng u
035 _a(Sirsi) u112195
245 _aIreland: Ombudsman's report
260 _c2001
490 _aIrish Times
_v25 April 2001, 6(2)
520 _aIn his annual report the Ombudsman confirmed popular opinion that Ireland's planning system is in a state of collapse. Rising numbers of planning applications, staff shortages, contempt for the planning laws, and reluctance of local authorities to take developers to court are some of the issues outlined. The report is available at http://www.ireland.com.
590 _aWB
650 _aIRELAND
650 _aPLANNING SYSTEM
650 _aOMBUDSMAN
650 _aDEVELOPERS
650 _aLOCAL AUTHORITIES
650 _aPLANNING LAW
690 _aEUROPE
942 _n0
999 _c66821
_d66821